Eastern Utah Libraries Catalog: Duchesne, Heber, Roosevelt, & Vernal

Croco / (Record no. 416456)

MARC details
000 -LEADER
fixed length control field 01377nam a2200349 i 4500
001 - CONTROL NUMBER
control field 1517255330
003 - CONTROL NUMBER IDENTIFIER
control field Ingram
005 - DATE AND TIME OF LATEST TRANSACTION
control field 20260218172303.0
007 - PHYSICAL DESCRIPTION FIXED FIELD--GENERAL INFORMATION
fixed length control field t|
008 - FIXED-LENGTH DATA ELEMENTS--GENERAL INFORMATION
fixed length control field 260114s2025 nyua a 000 1 eng d
020 ## - INTERNATIONAL STANDARD BOOK NUMBER
International Standard Book Number 9798988749974
Qualifying information hardcover
035 ## - SYSTEM CONTROL NUMBER
System control number (OCoLC)1517255330
040 ## - CATALOGING SOURCE
Original cataloging agency TnLvILS
Language of cataloging eng
Description conventions rda
Transcribing agency TnLvILS
041 1# - LANGUAGE CODE
Language code of text/sound track or separate title eng
Language code of original and/or intermediate translations of text spa
092 ## - LOCALLY ASSIGNED DEWEY CALL NUMBER (OCLC)
Classification number children
Item number López
100 1# - MAIN ENTRY--PERSONAL NAME
Personal name López, Azul,
Relator term author.
Relator code aut.
9 (RLIN) 6561006
245 10 - TITLE STATEMENT
Title Croco /
Statement of responsibility, etc Azul López ; translated by Kit Maude.
264 #1 - Production, Publication, Distribution, Manufacture, and Copyright Notice.
Place of production, publication, distribution, manufacture Huntington, New York :
Name of producer, publisher, distributor, manufacturer Tapioca Stories,
Date of production, publication, distribution, manufacture, or copyr [2025]
300 ## - PHYSICAL DESCRIPTION
Extent 1 volume (unpaged) :
Other physical details chiefly color illustrations ;
Dimensions 23 cm.
336 ## - Content Type
Content type term text
337 ## - Media type
Media type term unmediated
338 ## - Carrier type
Carrier type term volume
520 ## - SUMMARY, ETC.
Summary, etc "In a vibrant tropical jungle, Croco the Crocodile has fallen into a hole and can't climb out. Different animals come along to try to help him, but in the end, he must find his own way out."--Provided by publisher.
546 ## - LANGUAGE NOTE
Language note Translated from the Spanish.
586 #0 - AWARDS NOTE
Awards note Mildred L. Batchelder Award Winner, 2026.
650 #0 - SUBJECT ADDED ENTRY--TOPICAL TERM
Topical term or geographic name as entry element Crocodiles
Form subdivision Juvenile fiction.
9 (RLIN) 5706918
650 #0 - SUBJECT ADDED ENTRY--TOPICAL TERM
Topical term or geographic name as entry element Conduct of life
Form subdivision Juvenile fiction.
9 (RLIN) 5675513
650 #0 - SUBJECT ADDED ENTRY--TOPICAL TERM
Topical term or geographic name as entry element Mildred L. Batchelder Award
9 (RLIN) 6483908
650 #1 - SUBJECT ADDED ENTRY--TOPICAL TERM
Topical term or geographic name as entry element Crocodiles
Form subdivision Fiction.
9 (RLIN) 5728796
650 #1 - SUBJECT ADDED ENTRY--TOPICAL TERM
Topical term or geographic name as entry element Conduct of life
Form subdivision Fiction.
9 (RLIN) 5675198
942 ## - ADDED ENTRY ELEMENTS (KOHA)
Source of classification or shelving scheme Dewey Decimal Classification
Koha item type BOOK
Holdings
Withdrawn status Lost status Source of classification or shelving scheme Damaged status Not for loan Collection code Home library Current library Shelving location Date acquired Source of acquisition Total Checkouts Full call number Barcode Date last seen Date checked out Cost, replacement price Price effective from Koha item type
    Dewey Decimal Classification     Children Picture Books Wasatch County Library Wasatch County Library Main Floor Childrens Area 02/18/2026 Amazon 1 E López 34301002179341 02/27/2026 02/19/2026 18.95 02/18/2026 BOOK
This project was made possible through a grant from the Institute of Museum and Library Service administered by the Utah State Library Division.

Wasatch County Library

  • 465 East 1200 South, Heber City, Utah 84032
  • Phone 435-654-1511 | Fax 435-654-6456

Hours

  • Monday - Friday 9:30 AM - 8:00 PM
  • Saturday 9:30 AM - 1:30 PM
  • Closed Sundays and Holidays